Los novelistas de la revolución mexicana / (Record no. 124014)

MARC details
000 -LEADER
campo de control de longitud fija 01050nam a2200217 4500
001 - NÚMERO DE CONTROL
campo de control 124014
003 - IDENTIFICADOR DE NÚMERO DE CONTROL
campo de control ES-MaACL
005 - FECHA Y HORA DE LA ÚLTIMA TRANSACCIÓN
campo de control 20250401134929.0
007 - CAMPO FIJO DE DESCRIPCIÓN FÍSICA--INFORMACIÓN GENERAL
campo de control de longitud fija t|
008 - DATOS DE LONGITUD FIJA--INFORMACIÓN GENERAL
campo de control de longitud fija 070214s1949 mx r ||||1| spa d
100 1# - ENTRADA PRINCIPAL--NOMBRE DE PERSONA
Nombre de persona Rand Morton, F.
9 (RLIN) 95402
245 14 - MENCIÓN DEL TÍTULO
Título Los novelistas de la revolución mexicana /
Mención de responsabilidad, etc. F. Rand Morton.
260 ## - PUBLICACIÓN, DISTRIBUCIÓN, ETC.
Lugar de publicación, distribución, etc. México :
Nombre del editor, distribuidor, etc. Editorial Cultural,
Fecha de publicación, distribución, etc. 1949.
300 ## - DESCRIPCIÓN FÍSICA
Extensión 270 p. :
Otras características físicas il. ;
Dimensiones 24 cm.
651 #7 - PUNTO DE ACCESO ADICIONAL DE MATERIA--NOMBRE GEOGRÁFICO
9 (RLIN) 151495
Nombre geográfico México-
Subdivisión general Historia-
Subdivisión cronológica 1910-1917, Revolución armada
852 ## - LOCALIZACIÓN
Ubicación ES-MaACL
Número de control de estantería D-6365
Sublocalización o colección R.30175
-- R.M.5960
itemnumber 128605
Ubicación en estantería Sala Valle Inclán
Marcas de propiedad Sello en tinta azul de la Biblioteca del Ateneo de Madrid
Anotaciones manuscritas Anotación manuscrita en cubierta: "26"
-- Anotación manuscrita en hoja de guarda: "60 ptas"
Nota libre En cubierta: "11. NOV. 1950"
-- Etiqueta en hoja de guarda anterior: "Ínsula, Librería de Ciencias y Letras, [...], Madrid"
942 ## - ELEMENTOS DE ENTRADA SECUNDARIOS (KOHA)
Fuente del sistema de clasificación o colocación Clasificación decimal universal
Tipo de ítem Koha Libro impreso
Holdings
Estatus retirado Estado de pérdida Estado de daño No para préstamo Biblioteca de origen Biblioteca actual Ubicación en estantería Fecha de adquisición Fuente de adquisición Total de préstamos Signatura topográfica completa Código de barras Visto por última vez Precio de reemplazo Tipo de ítem Koha
        Biblioteca del Ateneo de Madrid Biblioteca del Ateneo de Madrid Sala Valle Inclán 17/01/2008     D-6365 901129202 23/02/2023 23/02/2023 Libro impreso